02794nab a2200253uuc4500001000800000005001700008008004100025035001200066035002100078040001300099041000800112100004300120245015800163520181400321650002102135650002302156650001402179650002402193700004302217700004102260700004002301700004802341773015102389127642520240705090525.0120315m01uu2011 spa  a1276425 a(OCoLC)820633335 ccomduadb aspa10aMartínez Flórez, Lina M.4auteaut10aPrevalencia de fluorosis y experiencia de caries dental en un grupo de escolares en el área urbana del Municipio de Yondó (Antioquia, Colombia), 20103 aIntroducción y objetivo: La caries dental y la fluorosis dental son problemas de Salud Pública que requieren sistemas de vigilancia y control en edades tempranas. El objetivo fue determinar la prevalencia de fluorosis dental en escolares de 12 años, y la historia de caries en escolares de 5 y 12 años en la Institución Educativa Luis Eduardo Díaz del área urbana del Municipio de Yondó (Antioquia) durante el año 2010. Materiales y métodos: Estudio transversal en una población de 62 escolares de 5 años y 145 de 12 años. Se realizó examen clínico y se estableció la experiencia de caries dental (índices ceo-d; 5 años, COP-D; 12 años) y la prevalencia de fluorosis dental (Índice de Dean). Se calcularon frecuencias, medianas y promedios por sexo en el caso de caries dental y prevalencia de fluorosis global y por grados de severidad. Cálculo de razones de prevalencia de fluorosis por sexo con sus intervalos de confianza al 95% (RP, IC95%). Se analizaron las principales fuentes de agua del área de estudio. Resultados: El promedio ceo-d a los 5 años fue de 2,37 ±3,39, con experiencia de caries del 61%. A los 12 años se encontró un promedio COP-D de 0,73 ± 1,28, y una experiencia de caries del 33,1%. No se encontraron diferencias estadísticamente significativas por sexo. La prevalencia global de fluorosis fue de 97,9%, con mayor prevalencia en hombres, aunque sin diferencias significativas (RP 1,05, IC95% 0,98- 1,12). El análisis fisicoquímico no mostró niveles altos de concentración de flúor en agua. Conclusión: Se encontraron niveles altos de experiencia de caries dental a los 5 años y alta prevalencia de Fluorosis a los 12 años que exigen acciones de mejoramiento y estrategias en salud pública para esta población. aFluorosis dental 7aCaries dental2dcs aEscolares aYondó (Antioquia)10aMarulanda Montoya, Elizabeth4auteaut10aNoreña Salazar, Maura A.4auteaut10aBernal Álvarez, Tomás4auteaut10aAgudelo Suárez, Andrés Alonso4auteaut0 tCES Odontología. Instituto de Ciencias de la Salud (Medellín)gVolumen 24, Número 01, Enero-Junio 2011, p. 9-16w371333x22159185 E0112617